Statistiques concernant RuPaul Drag Race S.1

Cliquez ici pour prendre le quiz!

Statistiques générales

  • Ce quiz a été pris 10 fois
  • Le résultat moyen est 6 sur 9

Statistiques - réponses

HintRéponse% Correct
5Ongina
90%
2Nina Flowers
80%
7Akashia
70%
1BeBe Zahara Benet
70%
4Shannel
70%
8Tammie Brown
70%
9Victoria Porkchop Parker
70%
6Jade
60%
3Rebecca Glasscock
60%

Distribution des résultats

Percentile par nombre de réponses

% des personnes avec chaque résultat

Votre développement - résultats

Vous n’avez pas pris ce quiz